| 000 | 00697pam a2200253 a 4500 | ||
|---|---|---|---|
| 999 |
_c6071 _d6071 |
||
| 001 | 23968612 | ||
| 003 | OCoLC | ||
| 005 | 20190111180043.0 | ||
| 008 | 910528s1991 nyub b 000 0 eng | ||
| 010 | _a91021233 | ||
| 020 | _a0800791924 | ||
| 040 |
_aDLC _cDLC _dCDC |
||
| 043 | _aaw----- | ||
| 082 |
_a220.15 _bO88L |
||
| 092 |
_a236 _bO88L |
||
| 100 | 1 |
_aOtis, George, _d1953- |
|
| 245 | 1 | 4 |
_aThe last of the giants / _cGeorge Otis, Jr |
| 260 |
_aTarrytown, N.Y. : _bChosen Books, _cc1991 |
||
| 300 |
_a272 p. : _bmap ; _c23 cm |
||
| 504 | _aIncludes bibliographical references (p. 269-272) | ||
| 630 | 0 | 0 |
_aBible _xProphecies _zMiddle East |
| 650 | 0 | _aMissions to Muslims | |
| 942 |
_2ddc _cBK |
||